| 000 | 00449nam a2200181Ia 4500 | ||
|---|---|---|---|
| 008 | 230524s9999 xx 000 0 und d | ||
| 020 | _a8178081032 | ||
| 082 |
_a5.133 _bAHO |
||
| 100 | _aAlfred V.Aho | ||
| 245 | 4 | _aThe Design and Anlysis of Computer Algorithms | |
| 250 | _a1ST | ||
| 260 |
_aNEW DELHI _bPearson _c2002 |
||
| 300 | _aX;470 | ||
| 500 | _aQuantity Number: 14 | ||
| 650 | _aComp-Sc | ||
| 700 | _a John E.Hopcraft | ||
| 942 | _cBK | ||
| 999 |
_c25548 _d25548 |
||